Keralacharithram samuham samskaram: (Record no. 181931)

000 -LEADER
fixed length control field 00446nam a22001577a 4500
020 ## - INTERNATIONAL STANDARD BOOK NUMBER
ISBN 9789348132253
082 ## - DEWEY DECIMAL CLASSIFICATION NUMBER
Classification number M 954.83
Item number MUJ/K
245 ## - TITLE STATEMENT
Title Keralacharithram samuham samskaram:
Sub Title puthupadanangal/
Statement of responsibility, etc by Mujeebu Rahman and Nisar M. (ed.)
260 ## - PUBLICATION, DISTRIBUTION, ETC. (IMPRINT)
Place of publication Kozhikode:
Name of publisher Pavanatma Publishers,
Year of publication 2025.
300 ## - PHYSICAL DESCRIPTION
Number of Pages 222p.
650 ## - SUBJECT ADDED ENTRY--TOPICAL TERM
Topical Term History Kerala
650 ## - SUBJECT ADDED ENTRY--TOPICAL TERM
Topical Term History
700 ## - ADDED ENTRY--PERSONAL NAME
Personal name Mujeebu M.P. (ed.)
700 ## - ADDED ENTRY--PERSONAL NAME
Personal name Nisar M. (ed.)
942 ## - ADDED ENTRY ELEMENTS (KOHA)
Koha item type Book
Holdings
Withdrawn status Lost status Damaged status Not for loan Permanent Location Current Location Shelving location Date acquired Cost, normal purchase price Full call number Accession Number Price effective from Koha item type
        Sree Sankaracharya University of Sanskrit Sree Sankaracharya University of Sanskrit Stacks 02.06.2026 440.00 M 954.83 MUJ/K 109064 02.06.2026 Book